| 000 | 00368nam a22001337a 4500 | ||
|---|---|---|---|
| 020 | _a0-8273-2695-5 | ||
| 082 | _a621.38173 HON'O | ||
| 100 |
_aHONEYCUTT, RICHARD A _965580 |
||
| 245 | _aOP AMPS AND LINEAR INTEGRAED CIRCUITS | ||
| 260 |
_aNEWYORK _bDELMAR _c1988 |
||
| 300 | _a612P | ||
| 650 |
_aLINEAR INTEGRATED CIRCUITS OPEARTIONAL AMPLIFIERS _965581 |
||
| 942 | _cBK | ||
| 999 |
_c573743 _d573743 |
||